000 00846nam a2200277 i 4500
001 C2-0254806
003 PPAK
005 20210614095548.0
008 040518s2003 my a j | 0 1 may d
020 _a9835809747
_qpaperback
040 _aPPAK
_beng
_cPPAK
_erda
041 1 _amay
_heng
082 0 4 _a823
_223
090 0 0 _a823
_bBLY
_dK
100 1 _aBlyton, Enid,
_eauthor.
245 1 0 _aLima mengembara dengan karavan /
_cEnid Blyton
264 1 _aPetaling Jaya, Selangor :
_bFederal Publications,
_c2003
300 _a218 pages :
_bcolour illustrations ;
_c19 cm
336 _2rdacontent
_atext
337 _2rdamedia
_aunmediated
338 _2rdacarrier
_avolume
490 1 _aSiri novel lima penyiasat
650 1 0 _aChildren's stories, English
_vTranslations into Malay
830 0 _aSiri novel lima penyiasat
942 _cB
_2ddc
999 _c67451
_d67451